Famous Spiritual Symbols - Statistics

General Stats
  • This quiz has been taken 14 times
  • The average score is 2 of 10
Answer Stats
Answer % Correct
Yin and Yang
85%
Star of David
69%
Eye of Horus
23%
Ankh
15%
Dharma Wheel
15%
Om
15%
Pentagram
15%
Flower of Life
0%
Lotus
0%
Mandala
0%
No matching quizzes found
Score Distribution
Percent of People with Each Score
Percentile by Number Answered
Your Score History
You have not taken this quiz